| Tag |
First Indicator |
Second Indicator |
Subfields |
| LEADER |
00000cam a22000001 4500 |
| 001 |
in00000059123 |
| 005 |
20210515063856.0 |
| 008 |
720427s1965 nyua b 00010 eng |
| 010 |
|
|
|a 65017443
|
| 035 |
|
|
|a (OCoLC)00258885
|
| 035 |
|
|
|9 AAG8518AM
|
| 040 |
|
|
|a DLC
|c DLC
|d TXA
|d UtOrBLW
|
| 049 |
|
|
|a TXAM
|c 2 [455387]
|
| 050 |
0 |
0 |
|a HN110.5.A8
|b H4
|
| 082 |
0 |
|
|a 309.18
|
| 092 |
|
|
|a 309.18
|b H437c
|
| 100 |
1 |
|
|a Heath, Dwight B.
|
| 245 |
1 |
0 |
|a Contemporary cultures and societies of Latin America ;
|b a reader in the social anthropology of Middle and South America and the Caribbean /
|c Edited, with introductions and notes, by Dwight B. Heath and Richard N. Adams.
|
| 264 |
|
1 |
|a New York :
|b Random House,
|c [1965]
|
| 300 |
|
|
|a xi, 586 pages :
|b illustrations ;
|c 25 cm.
|
| 336 |
|
|
|a text
|b txt
|2 rdacontent
|
| 337 |
|
|
|a unmediated
|b n
|2 rdamedia
|
| 338 |
|
|
|a volume
|b nc
|2 rdacarrier
|
| 504 |
|
|
|a Includes bibliographies.
|
| 651 |
|
0 |
|a Latin America
|x Social conditions.
|
| 651 |
|
0 |
|a Latin America
|x Economic conditions
|y 1918-
|
| 700 |
1 |
|
|a Adams, Richard N.
|q (Richard Newbold),
|d 1924-2018.
|
| 999 |
|
|
|a MARS
|
| 999 |
f |
f |
|s a6b831ab-148b-3366-b148-015e29d76f8f
|i 733ab2d5-409b-39bb-be26-b51b49285f6c
|t 0
|
| 952 |
f |
f |
|p ric
|a Texas A&M University
|b Rellis Campus
|c Joint Library Facility
|d Remote Storage
|t 0
|e HN110.5.A8 H4
|h Library of Congress classification
|i unmediated -- volume
|m A14800651052
|
| 998 |
f |
f |
|a HN110.5.A8 H4
|t 0
|l Remote Storage
|